Dominee D. A. van den Bosch, (Record no. 3296)

MARC details
000 -LEADER
fixed length control field 00674cam a22002051 4500
001 - CONTROL NUMBER
control field af 47005827
003 - CONTROL NUMBER IDENTIFIER
control field DLC
005 - DATE AND TIME OF LATEST TRANSACTION
control field 20260227110834.0
008 - FIXED-LENGTH DATA ELEMENTS--GENERAL INFORMATION
fixed length control field 770901s1946 ne acf 000 0bdut c
010 ## - LIBRARY OF CONGRESS CONTROL NUMBER
LC control number af 47005827
035 ## - SYSTEM CONTROL NUMBER
System control number (OCoLC)3234208
040 ## - CATALOGING SOURCE
Original cataloging agency Union theol. sem. Library
Transcribing agency MiGrC
Modifying agency DLC
042 ## - AUTHENTICATION CODE
Authentication code premarc
050 00 - LIBRARY OF CONGRESS CALL NUMBER
Classification number BX9479.B6
Item number L5
100 2# - MAIN ENTRY--PERSONAL NAME
Personal name Lijnden-van den Bosch, Annie M. C. van,
Dates associated with a name 1912-
245 00 - TITLE STATEMENT
Title Dominee D. A. van den Bosch,
Statement of responsibility, etc. door A. M. C. van Lijnden-van den Bosch.
260 ## - PUBLICATION, DISTRIBUTION, ETC.
Place of publication, distribution, etc. Wageningen,
Name of publisher, distributor, etc. H. Veenman & zonen,
Date of publication, distribution, etc. 1946.
300 ## - PHYSICAL DESCRIPTION
Extent 239 p.
Other physical details mounted ports. (incl. front.) plates.
Dimensions 21 cm.
600 10 - SUBJECT ADDED ENTRY--PERSONAL NAME
Personal name Bosch, Dirk Arie van den,
Dates associated with a name 1884-1942.

No items available.

Powered by Koha